00858nam a22002537a 4500003000500000005001700005008004100022010001000063011001000073020001500083035001100098040000900109082002200118100003500140245018200175250001000357260005000367300002000417490002800437650004100465700003200506700003800538830002800576CHAP20220329143346.0081209s2005 mx a r 00010 spa d a95483 a96455 a9703227481 a107108 cCHAP04a582.13bL88220051 aLópez Curto, Ma. de Lourdes.10aTécnicas para el estudio del desarrollo en angiospermas :blibro de laboratorioc/por Ma. de Lourdes López Curto, Judith Márquez Guzmán y Guillermina Murguía Sánchez a2 ed. aMéxico :bUNAM. Facultad de Ciencias,c2005 a177 p. :bilus. 4aLas prensas de ciencias14aAngiospermasxManual de laboratorio.1 aMárquez Guzmán, Judith.1 aMurguía Sánchez, Guillermina. 4aLas prensas de ciencias